| 000 | 00512nam a22001817a 4500 | ||
|---|---|---|---|
| 005 | 20230915150715.0 | ||
| 010 | _aENG-138017 | ||
| 020 | _c1225.00 | ||
| 035 | _aEN-121549 | ||
| 037 | _bDBAD/PUB | ||
| 082 | _a550 | ||
| 100 |
_aDas, Nanima _956729 |
||
| 245 |
_aComparative Study of Environmetal Awareness _cNanima Das |
||
| 260 |
_aAssam _bEBH Publishers _c2022 |
||
| 270 |
_a136, M.L. Nehru Road, Panbazar _bGuwahati _e781001 |
||
| 300 |
_a222 P _c25cm(pbk) |
||
| 942 |
_2ddc _cEN _h550 _mDAS |
||
| 999 |
_c198210 _d198210 |
||